000 01148nmc a2200361 a 4500
003 AR-BaBNM
005 20251128210458.0
008 030020s1995 ||||||||||||||000 | spa||
020 _a950-687-023-3
040 _cAR-BaBNM
245 1 0 _aPrevención de adicciones
260 _aBuenos Aires
_bConicet
_c1995
300 _a288 p.
_bil., tablas
490 0 _aProciencia Conicet
500 _aEste material forma parte del Proyecto de Educación para la Salud
504 _aContiene bibliografía
650 4 _aPERFECCIONAMIENTO DEL DOCENTE
650 4 _aPROGRAMAS DE SALUD
650 4 _aMETODOS DE ENSENANZA
650 4 _aDROGADICCION
650 4 _aALCOHOLISMO
650 4 _aEDUCACION FISICA
653 _aEDUCACION PARA LA SALUD
653 _aPREVENCION DE ADICCIONES
653 _aNARCOTRAFICO
653 _aTEMAS TRANSVERSALES
700 1 _aVerruno, Camilo
_edirector
700 1 _aLavalle, Adriana
_ecoordinador
710 2 _aConsejo Nacional de Investigaciones Científicas y Técnicas [Argentina]
_9CONICET
_bProciencia
710 2 _aArgentina
_bMinisterio de Cultura y Educación
942 _cBK
998 _cRaquel
999 _c15600
_d15600